Statistics for Most Followed Instagram Accounts

Click here to take the quiz!

General Stats

  • This quiz has been taken 158 times
    (60 since last reset)
  • The average score is 16 of 39

Answer Stats

FollowersAccountCountry*% Correct
626Cristiano RonaldoPortugal
94%
501Lionel MessiArgentina
92%
283Taylor SwiftUnited States
81%
364Kim KardashianUnited States
79%
400Kylie JennerUnited States
79%
294Kendall JennerUnited States
75%
292Justin BieberCanada
73%
429Selena GomezUnited States
71%
224Kourtney KardashianUnited States
67%
310Khloé KardashianUnited States
65%
380Ariana GrandeUnited States
60%
146DrakeCanada
60%
671InstagramUnited States
60%
220NeymarBrazil
60%
152RihannaBarbados
58%
319BeyoncéUnited States
46%
159LeBron JamesUnited States
42%
397Dwayne JohnsonUnited States
40%
112Kylian MbappéFrance
40%
207Katy PerryUnited States
33%
217Miley CyrusUnited States
33%
229Nicki MinajTrinidad and Tobago
31%
126FC BarcelonaSpain
27%
154Real MadridSpain
27%
180Kevin HartUnited States
25%
110Billie EilishUnited States
23%
168Cardi BUnited States
19%
267Virat KohliIndia
19%
157Demi LovatoUnited States
17%
307NikeUnited States
17%
184ZendayaUnited States
15%
109Gal GadotIsrael
13%
253Jennifer LopezUnited States
13%
145Chris BrownUnited States
10%
139Ellen DeGeneresUnited States
10%
102LisaThailand
8%
284National GeographicUnited States
8%
114UEFA Champions LeagueEurope*
6%
102Vin DieselUnited States
4%

Score Distribution

Percentile by Number Answered

Percent of People with Each Score

Your Score History

You have not taken this quiz since the last reset